Statistics : (Record no. 560)

MARC details
000 -LEADER
fixed length control field 00570nam a22001937a 4500
005 - DATE AND TIME OF LATEST TRANSACTION
control field 20230809090712.0
008 - FIXED-LENGTH DATA ELEMENTS--GENERAL INFORMATION
fixed length control field 230809b |||||||| |||| 00| 0 eng d
020 ## - INTERNATIONAL STANDARD BOOK NUMBER
International Standard Book Number 0716742357
040 ## - CATALOGING SOURCE
Original cataloging agency KMU
Transcribing agency KMU
Modifying agency KMU
050 ## - LIBRARY OF CONGRESS CALL NUMBER
Classification number QA 276.12 Moo
100 ## - MAIN ENTRY--PERSONAL NAME
Personal name Moore David S.
245 ## - TITLE STATEMENT
Title Statistics :
Remainder of title Concepts and Controversies /
Statement of responsibility, etc. by David S. Moore and Darryl K. Nester
250 ## - EDITION STATEMENT
Edition statement 5th ed.
260 ## - PUBLICATION, DISTRIBUTION, ETC.
Place of publication, distribution, etc. United states :
Name of publisher, distributor, etc. W.H Freeman ,
Date of publication, distribution, etc. c2001
300 ## - PHYSICAL DESCRIPTION
Extent 371 p. :
Other physical details ill ;
Dimensions 30 cm.
650 ## - SUBJECT ADDED ENTRY--TOPICAL TERM
Source of heading or term Statistics
Topical term or geographic name entry element Oclc
700 ## - ADDED ENTRY--PERSONAL NAME
Personal name Nester Darryl K.
942 ## - ADDED ENTRY ELEMENTS (KOHA)
Source of classification or shelving scheme Library of Congress Classification
Koha item type Non-Fiction
Edition 5th ed.
Suppress in OPAC No
Holdings
Withdrawn status Lost status Source of classification or shelving scheme Damaged status Not for loan Collection Home library Current library Shelving location Date acquired Source of acquisition Total Checkouts Full call number Barcode Date last seen Price effective from Koha item type
    Library of Congress Classification     Non-fiction Kapasa Makasa University Kapasa Makasa University Open Access 09.08.2023 DOC MWALE   QA 276.12 Moo 300096 09.08.2023 09.08.2023 Non-Fiction
    Library of Congress Classification     Non-fiction Kapasa Makasa University Kapasa Makasa University Open Access 09.08.2023 DOC MWALE   QA 276.12 Moo 300095 09.08.2023 09.08.2023 Non-Fiction